Quiz mathématique rapide, juste un petit - x 3 - quiz 17 - Statistiques

Statistiques générales
  • Ce quiz a été pris 53 fois
  • Le résultat moyen est 18 sur 20
Statistiques - réponses
Hint Réponse % Correct
12 36
100%
43 129
98%
57 171
98%
17 51
98%
133 399
95%
15 45
95%
90 270
93%
96 288
93%
201 603
93%
83 249
90%
89 267
90%
325 975
90%
134 402
83%
157 471
83%
167 501
83%
189 567
79%
289 867
79%
266 798
76%
389 1167
71%
177 531
71%
Aucun quiz correspondant
Distribution des résultats
% des personnes avec chaque résultat
Percentile par nombre de réponses
Votre historique - résultats
Vous n’avez pas pris ce quiz